Online
Catalog

Planeación y gestión urbana y metropolitana en México : (Record no. 14038)

MARC details
000 -CABECERA
campo de control de longitud fija 01665cam a2200325 a 4500
001 - NÚMERO DE CONTROL
campo de control 000014449
005 - FECHA Y HORA DE LA ÚLTIMA TRANSACCIÓN
campo de control 20200929163843.0
008 - DATOS DE LONGITUD FIJA--INFORMACIÓN GENERAL
campo de control de longitud fija 020317s2001 mx a b 000 0 spa d
020 ## - NÚMERO INTERNACIONAL ESTÁNDAR DEL LIBRO
Número Internacional Estándar del Libro 9706690395
035 ## - NÚMERO DE CONTROL DEL SISTEMA
Número de control de sistema (NcChMN)MN207BC005
040 ## - FUENTE DE LA CATALOGACIÓN
Centro catalogador/agencia de origen DO-SdBNP
Lengua de catalogación spa
Centro/agencia transcriptor BNPHU
Centro/agencia modificador DLC
082 ## - NÚMERO DE LA CLASIFICACIÓN DECIMAL DEWEY
Número de clasificación 307.1721
Número de documento/Ítem P712g
049 ## - FONDOS LOCALES (OCLC)
Fondos de biblioteca BNGR
245 00 - MENCIÓN DE TÍTULO
Título Planeación y gestión urbana y metropolitana en México :
Resto del título una revisión a la luz de la globalización /
Mención de responsabilidad, etc. compilador Roberto García Ortega ; con el apoyo de Alfonso X. Iracheta Cenecorta, Emilio Duhau.
260 ## - PUBLICACIÓN, DISTRIBUCIÓN, ETC.
Lugar de publicación, distribución, etc. Zinacantepec :
Nombre del editor, distribuidor, etc. Colegio de la Frontera Norte ;
-- Colegio Mexiquense,
Fecha de publicación, distribución, etc. 2001.
300 ## - DESCRIPCIÓN FÍSICA
Extensión 266 p. :
Otras características físicas il. ;
Dimensiones 23 cm.
490 1# - MENCIÓN DE SERIE
Mención de serie Colegio Mexiquense
Designación de volumen o secuencia 172
504 ## - NOTA DE BIBLIOGRAFÍA, ETC.
Nota de bibliografía, etc. Bibliografías: p. 261-262.
500 ## - NOTA GENERAL
Nota general Los documentos resultantes del 1er Simposio sobre Planeación y Gestión Urbana y Metropolitana de la Ciudad de México, que fue organizado febrero 25-26, 1999 en Monterrey, México por el Norte, el Colegio de la Frontera, entre ellos algunos ampliada o documentos actualizados.
650 #4 - PUNTO DE ACCESO ADICIONAL DE MATERIA--TÉRMINO DE MATERIA
Término de materia o nombre geográfico como elemento de entrada Planificación del desarrollo
9 (RLIN) 32601
650 #4 - PUNTO DE ACCESO ADICIONAL DE MATERIA--TÉRMINO DE MATERIA
Término de materia o nombre geográfico como elemento de entrada Comunicación en planificación urbana
9 (RLIN) 32602
651 #4 - PUNTO DE ACCESO ADICIONAL DE MATERIA--NOMBRE GEOGRÁFICO
Nombre geográfico Monterrey (México{Rpara}
9 (RLIN) 32603
700 1# - PUNTO DE ACCESO ADICIONAL--NOMBRE DE PERSONA
Nombre de persona García Ortega, Roberto,
Término indicativo de función/relación comp.
9 (RLIN) 32604
700 1# - PUNTO DE ACCESO ADICIONAL--NOMBRE DE PERSONA
Nombre de persona Iracheta C., Alfonso X.
9 (RLIN) 32605
700 1# - PUNTO DE ACCESO ADICIONAL--NOMBRE DE PERSONA
Nombre de persona Duhau, Emilio.
9 (RLIN) 32606
710 1# - PUNTO DE ACCESO ADICIONAL--NOMBRE DE ENTIDAD CORPORATIVA
Nombre de entidad corporativa o nombre de jurisdicción como elemento de entrada Colegio de la Frontera Norte (Tijuana, Baja California, México)
9 (RLIN) 31803
711 1# - PUNTO DE ACCESO ADICIONAL--NOMBRE DE REUNIÓN/CONGRESO
Nombre de congreso/reunión o jurisdicción como elemento de entrada Simposio sobre Planeación y Gestión Urbana y Metropolitana en México
Número del congreso/reunión o número de parte o sección (1st :
Fecha del congreso/reunión 1999 :
Sede del congreso/Lugar de la reunión Monterrey, México)
9 (RLIN) 32607
830 #0 - PUNTO DE ACCESO ADICIONAL DE SERIE-TÍTULO UNIFORME
Título uniforme Colegio Mexiquense ;
Designación de volumen o secuencia 172.
9 (RLIN) 32608
910 ## - DATOS DE OPCIÓN DEL USUARIO (OCLC)
Datos de opción del usuario Catalogación por copia / LC
Holdings
Estado de retiro Estado de pérdida Restricciones de uso No para préstamo Código de colección Localización permanente Ubicación/localización actual Ubicación en estantería Fecha de adquisición Número de inventario Total de préstamos Signatura topográfica completa Código de barras Fecha visto por última vez Precio válido a partir de Tipo de ítem Koha
      Excluido de préstamo Monografías: Libros y Folletos General General En catalogación 15.12.2009 LF1   307.1721 P712g 14449-10 25.06.2020 25.06.2020 No se presta

Powered by Koha